Cambio de marcha en filosofía

Gespeichert in:
Bibliographische Detailangaben
1. Verfasser: Ferrater Mora, José (VerfasserIn)
Format: Buch
Sprache:Spanisch
Veröffentlicht: Madrid Alianza 1974
Schriftenreihe:El Libro de Bolsillo. Sección: Humanidades
Schlagworte:
Tags: Tag hinzufügen
Keine Tags, Fügen Sie den ersten Tag hinzu!

MARC

LEADER 00000nam a2200000 a 4500
001 UCZ2382
003 CL-VaPUC
008 950929e19740000SP |||||||||||||||||spa|d
020 |a 8420614971 
082 0 4 |a 146.4  |b FER  |2 21 
100 0 |a Ferrater Mora, José  |e author  |9 346156 
245 1 0 |a Cambio de marcha en filosofía 
300 |a 220 p 
942 |c BK 
945 |d 19950929 00:00:00  |a cmena 
260 |a Madrid  |b Alianza  |c 1974 
650 0 |a Filosofía analítica  |9 316758 
650 0 |a Ontología   |9 256850 
650 0 |a Lingüística  |9 265068 
650 0 |a Lógica  |9 256849 
583 |a last modification  |c 19950929 00:00:00  |k Rodrigo Vera 
490 0 |a El Libro de Bolsillo. Sección: Humanidades 
999 |c 239006  |d 239004 
952 |0 0  |1 0  |4 0  |6 146_400000000000000_FER_1974  |7 0  |8 A  |9 249780  |a BIBEDU  |b BIBEDU  |d 2019-11-18  |i 1567802  |o 146.4 FER 1974  |p 1567802  |r 2019-11-18  |w 2019-11-18  |y BK  |k FIL 
952 |0 0  |1 0  |4 0  |6 146_400000000000000_FER_1974  |7 0  |8 A  |9 249781  |a BIBEDU  |b BIBEDU  |d 2019-11-18  |i 4675320  |o 146.4 FER 1974  |p 4675320  |r 2019-11-18  |w 2019-11-18  |y BK  |k EPE